Quick Pick: Which Bean? Quiz Stats

 Plays Quiz Updated Apr 10, 2016

Score 0/12 Timer 01:30
0 Plays Today
% Correct
Magic beans
95%
Mr. Bean
93.5%
Kidney beans
91.4%
Soybeans
90.7%
Lima beans
90.7%
Chickpeas
88.6%
Pinto beans
87.2%
Peanuts
85.9%
Black Eyed Peas
85.3%
Lupin beans
81%
Fava beans
75.5%
Jelly beans
73.3%

Today's Daily Dose

You're not logged in!

Compare scores with friends on all Sporcle quizzes.
OR
Log In

You Might Also Like...

Show Comments

Extras

Top Quizzes Today


Score Distribution

Your Account Isn't Verified!

In order to create a playlist on Sporcle, you need to verify the email address you used during registration. Go to your Sporcle Settings to finish the process.

Report this User

Report this user for behavior that violates our Community Guidelines.

Details: